|
|
|
|
| LEADER |
00000nam2a2200000 4500 |
| 001 |
224272 |
| 005 |
20231031200346.0 |
| 035 |
|
|
|a (RuTPU)RU\TPU\book\244564
|
| 035 |
|
|
|a RU\TPU\book\244520
|
| 090 |
|
|
|a 224272
|
| 100 |
|
|
|a 20121023d1981 m y0rusy50 ca
|
| 101 |
0 |
|
|a rus
|
| 102 |
|
|
|a RU
|
| 105 |
|
|
|a y z 001gy
|
| 200 |
0 |
|
|a Т. 6. Величальная Ленину
|e [сборник]
|f сост., предисл. и примеч. И. В. Зырянова
|
| 210 |
|
|
|d 1981
|
| 215 |
|
|
|a 65 с.
|d 10 см.
|
| 320 |
|
|
|a Указатель источников: с. 65
|
| 320 |
|
|
|a Примечания: с. 61-64.
|
| 330 |
|
|
|a В сборник включены материалы песенного фольклора народов Урала о Ленине.
|
| 461 |
|
1 |
|0 (RuTPU)RU\TPU\book\244492
|t Пермская Лениниана
|o библиотечка в шести томах
|f под ред. Б. Грина
|v Т. 6. Величальная Ленину
|e [3-е изд.]
|d 1981
|
| 610 |
1 |
|
|a лениниана
|
| 610 |
1 |
|
|a стихи
|
| 610 |
1 |
|
|a песни
|
| 610 |
1 |
|
|a фольклор
|
| 610 |
1 |
|
|a частушки
|
| 610 |
1 |
|
|a миниатюрные издания
|
| 686 |
|
|
|a Ч611.68
|v LBC/SL-A
|2 rubbk
|
| 686 |
|
|
|a А358
|v LBC/SL-A
|2 rubbk
|
| 702 |
|
1 |
|a Зырянов
|b И. В.
|4 220
|4 080
|
| 801 |
|
1 |
|a RU
|b 63413507
|c 20121022
|
| 801 |
|
2 |
|a RU
|b 63413507
|c 20121023
|g RCR
|
| 942 |
|
|
|c BK
|